Mineral planning research (Record no. 70678)

MARC details
000 -LEADER
fixed length control field 00952cam a2200205 4500
001 - CONTROL NUMBER
control field WB3824-18
008 - FIXED-LENGTH DATA ELEMENTS--GENERAL INFORMATION
fixed length control field 020704n2002 000 0 eng u
035 ## - SYSTEM CONTROL NUMBER
System control number (Sirsi) u118679
245 ## - TITLE STATEMENT
Title Mineral planning research
260 ## - PUBLICATION, DISTRIBUTION, ETC.
Date of publication, distribution, etc. 2002
490 ## - SERIES STATEMENT
Series statement Scottish Executive Press Release
Volume/sequential designation 4 July 2002, (2)
520 ## - SUMMARY, ETC.
Summary, etc. Research commissioned by the Scottish Executive and carried out by Land Use Consultants concludes that the current mineral planning guidance for Scotland, "NPPG4: land for mineral working", is generally well received and should continue in its present form. Executive summary of the report available free of charge from the Scottish Executive Central Research Unit, t +44(0)131 244 7560. http://www.scotland.gov.uk/pages/news/2002/07/SEsj037.aspx
590 ## - LOCAL NOTE (RLIN)
Local note WB
650 ## - SUBJECT ADDED ENTRY--TOPICAL TERM
Topical term or geographic name entry element SCOTLAND
650 ## - SUBJECT ADDED ENTRY--TOPICAL TERM
Topical term or geographic name entry element MINERAL PLANNING
650 ## - SUBJECT ADDED ENTRY--TOPICAL TERM
Topical term or geographic name entry element NPPG4
650 ## - SUBJECT ADDED ENTRY--TOPICAL TERM
Topical term or geographic name entry element MINERAL PLANNING GUIDANCE
690 ## - LOCAL SUBJECT ADDED ENTRY--TOPICAL TERM (OCLC, RLIN)
Topical term or geographic name as entry element MINING AND MINERALS
942 ## - ADDED ENTRY ELEMENTS (KOHA)
Suppress in OPAC 0
Holdings
Withdrawn status Lost status Source of classification or shelving scheme Damaged status Not for loan Home library Current library Shelving location Date acquired Total Checkouts Full call number Barcode Date last seen Copy number Price effective from Koha item type
    Dewey Decimal Classification     London London News article 04/07/2002   WB3824-18 118679-1001 06/08/2019 1 06/08/2019 News article